Countries Without C-H-I-L-E - Statistics

General Stats
  • This quiz has been taken 21 times
    19 since last reset
  • The average score is 9 of 24
Answer Stats
Country % Correct
Japan
57%
Panama
50%
Qatar
50%
Togo
50%
Tonga
50%
Vanuatu
50%
Andorra
43%
Norway
43%
Oman
43%
Rwanda
43%
Samoa
43%
Uruguay
43%
Gabon
36%
Kosovo
36%
Nauru
36%
Paraguay
36%
Jordan
29%
Sudan
29%
Barbados
21%
Guyana
21%
Kyrgyzstan
21%
Myanmar
21%
Uganda
21%
Botswana
7%
No matching quizzes found
Score Distribution
Percent of People with Each Score
Percentile by Number Answered
Your Score History
You have not taken this quiz since the last reset